Antai: las historias del príncipe de los licanantai

Saved in:
Bibliographic Details
Main Author: Schkolnik, Saúl (Author)
Format: Book
Language:Spanish
Published: Santiago Andrés Bello 1986
Edition:1a. ed
Series:Colección Andrés Bello, 54
Subjects:
Tags: Add Tag
No Tags, Be the first to tag this record!

MARC

LEADER 00000nam a2200000 a 4500
001 UCH6079
003 CL-VaPUC
008 091109e19860000CL |||||||||||||||||spa|d
082 0 4 |a Ch863  |b SCH  |2 21 
100 0 |a Schkolnik, Saúl  |e author  |9 542452 
245 1 0 |a Antai: las historias del príncipe de los licanantai 
250 |a 1a. ed 
300 |a 94 p 
942 |c BK 
945 |d 20091109 00:00:00  |a ccalabra 
260 |a Santiago  |b Andrés Bello  |c 1986 
650 0 |a Literatura  |9 259151 
650 0 |a Literatura chilena   |9 308278 
650 0 |a Novelas chilenas   |9 265425 
650 0 |a Escritores chilenos   |9 420370 
650 0 |a Narrativa  |9 336727 
650 0 |a Lectura  |9 307634 
651 7 |a CHILE  |2 CL-VaPUC  |9 542453 
583 |a last modification  |c 20091109 00:00:00  |k Rodrigo Vera 
490 0 |a Colección Andrés Bello, 54 
999 |c 337039  |d 337037